书目信息 |
| 题名: |
Spark深度学习指南
|
|
| 作者: | 谢里夫 , 拉文德拉 著 ;黄友良 译 | |
| 分册: | ||
| 出版信息: | 北京 电子工业出版社 2020.01 |
|
| 页数: | XVIII, 353页 | |
| 开本: | 24cm | |
| 丛书名: | ||
| 单 册: | ||
| 中图分类: | TP274-62 | |
| 科图分类: | ||
| 主题词: | 数据处理软件--shu ju chu li ruan jian--指南 | |
| 电子资源: | ||
| ISBN: | 978-7-121-37882-9 | |
| 000 | 01192nam0 2200289 450 | |
| 001 | 202020141006 | |
| 005 | 20200926181358.0 | |
| 010 | @a978-7-121-37882-9@dCNY109.00 | |
| 100 | @a20200919d2020 em y0chiy50 ea | |
| 101 | 1 | @achi@ceng |
| 102 | @aCN@b110000 | |
| 105 | @aa z 000yy | |
| 106 | @ar | |
| 200 | 1 | @aSpark深度学习指南@ASpark shen du xue xi zhi nan@d= Apache Spark deep learning cookbook@f(美) Ahmed Sherif, Amrith Ravindra著@g黄友良译@zeng |
| 210 | @a北京@c电子工业出版社@d2020.01 | |
| 215 | @aXVIII, 353页@c图@d24cm | |
| 304 | @aSherif规范汉译姓: 谢里夫 Ravindra规范汉译姓: 拉文德拉 | |
| 306 | @a由Packt Publishing授予出版 | |
| 330 | @a本书开头部分讲了如何按照深度学习的需求来配置Apache Spark, 以实现不同类型的神经网络, 接下来讲述了在分布式环境中实现深度学习涉及的常见和不那么常见的需求。 | |
| 500 | 10 | @aApache Spark deep learning cookbook@mChinese |
| 606 | 0 | @a数据处理软件@Ashu ju chu li ruan jian@j指南 |
| 690 | @aTP274-62@v5 | |
| 701 | 1 | @a谢里夫@Axie li fu@g(Sherif, Ahmed)@4著 |
| 701 | 1 | @a拉文德拉@Ala wen de la@g(Ravindra, Amrith)@4著 |
| 702 | 0 | @a黄友良@Ahuang you liang@4译 |
| 801 | 0 | @aCN@c20200117 |
| 905 | @a河南城建学院图书馆@dTP274-62@eX451 | |
| Spark深度学习指南= Apache Spark deep learning cookbook/(美) Ahmed Sherif, Amrith Ravindra著/黄友良译.-北京:电子工业出版社,2020.01 |
| XVIII, 353页:图;24cm |
| ISBN 978-7-121-37882-9:CNY109.00 |
| 本书开头部分讲了如何按照深度学习的需求来配置Apache Spark, 以实现不同类型的神经网络, 接下来讲述了在分布式环境中实现深度学习涉及的常见和不那么常见的需求。 |
| ● |
| 相关链接 |
|
|
|
正题名:Spark深度学习指南
索取号:TP274-62/X451
 
预约/预借
| 序号 | 登录号 | 条形码 | 馆藏地/架位号 | 状态 | 备注 |
| 1 | 1491160 | 214911602 | 自科库301/301自科库 43排2列5层/ [索取号:TP274-62/X451] | 在馆 |